Online
Catalog

Utilización de investigaciones en República Dominicana : (Record no. 30203)

MARC details
000 -CABECERA
campo de control de longitud fija 01261nam a2200325 a 4500
001 - NÚMERO DE CONTROL
campo de control 000030711
003 - IDENTIFICADOR DEL NÚMERO DE CONTROL
campo de control DO-SdBNP
005 - FECHA Y HORA DE LA ÚLTIMA TRANSACCIÓN
campo de control 20250918104915.0
008 - DATOS DE LONGITUD FIJA--INFORMACIÓN GENERAL
campo de control de longitud fija 110526s1980 dr r 001 0 spa d
020 ## - NÚMERO INTERNACIONAL ESTÁNDAR DEL LIBRO
Número Internacional Estándar del Libro 8489525064
040 ## - FUENTE DE LA CATALOGACIÓN
Centro catalogador/agencia de origen DO-SdBNP
Lengua de catalogación spa
Centro/agencia transcriptor BNPHU
082 ## - NÚMERO DE LA CLASIFICACIÓN DECIMAL DEWEY
Número de clasificación 304.632072
Número de documento/Ítem O77u
100 1# - ENTRADA PRINCIPAL--NOMBRE DE PERSONA
Nombre de persona Ortega, Manuel M.
Fechas asociadas al nombre 1932-
9 (RLIN) 57293
245 10 - MENCIÓN DE TÍTULO
Título Utilización de investigaciones en República Dominicana :
Resto del título el caso de la encuesta nacional de fecundidad de 1975 /
Mención de responsabilidad, etc. Manuel M. Ortega ;asistencia Andrea Soriano.
260 ## - PUBLICACIÓN, DISTRIBUCIÓN, ETC.
Lugar de publicación, distribución, etc. Santo Domingo :
Nombre del editor, distribuidor, etc. INTEC,
Fecha de publicación, distribución, etc. 1980.
300 ## - DESCRIPCIÓN FÍSICA
Extensión 147 p. ;
Dimensiones 23 cm.
490 1# - MENCIÓN DE SERIE
Mención de serie Investigaciones
Designación de volumen o secuencia 1
500 ## - NOTA GENERAL
Nota general Incluye datos biográficos del autor en las solapas
500 ## - NOTA GENERAL
Nota general Investigación realizada con el patrocinio de la Rockefeller Foundation de Nueva York
504 ## - NOTA DE BIBLIOGRAFÍA, ETC.
Nota de bibliografía, etc. Bibliografía : P. 137-147.
590 ## - NOTA LOCAL (RLIN)
Nota local Inventariado, 2018/VM
650 #4 - PUNTO DE ACCESO ADICIONAL DE MATERIA--TÉRMINO DE MATERIA
Término de materia o nombre geográfico como elemento de entrada Investigación demográfica
9 (RLIN) 57294
650 #4 - PUNTO DE ACCESO ADICIONAL DE MATERIA--TÉRMINO DE MATERIA
Término de materia o nombre geográfico como elemento de entrada Demografía
Subdivisión general Investigaciones
9 (RLIN) 57295
650 #0 - PUNTO DE ACCESO ADICIONAL DE MATERIA--TÉRMINO DE MATERIA
Término de materia o nombre geográfico como elemento de entrada Fertilidad humana
Subdivisión general Investigaciones
9 (RLIN) 13543
700 1# - PUNTO DE ACCESO ADICIONAL--NOMBRE DE PERSONA
Nombre de persona Soriano, Andrea,
Término indicativo de función/relación col.
9 (RLIN) 57297
710 2# - PUNTO DE ACCESO ADICIONAL--NOMBRE DE ENTIDAD CORPORATIVA
Nombre de entidad corporativa o nombre de jurisdicción como elemento de entrada Instituto Tecnológico de Santo Domingo
9 (RLIN) 78911
830 #0 - PUNTO DE ACCESO ADICIONAL DE SERIE-TÍTULO UNIFORME
Título uniforme Investigaciones
Número de parte o sección de la obra 1
9 (RLIN) 36811
910 ## - DATOS DE OPCIÓN DEL USUARIO (OCLC)
Datos de opción del usuario Validado. Control de la calidad. EMS
942 ## - ELEMENTOS DE PUNTO DE ACCESO ADICIONAL (KOHA)
Fuente del sistema de clasificación o colocación Dewey Decimal Classification
Tipo de ítem Koha Libro
Holdings
Estado de retiro Estado de pérdida No para préstamo Código de colección Localización permanente Ubicación/localización actual Ubicación en estantería Fecha de adquisición Número de inventario Total de préstamos Signatura topográfica completa Código de barras Fecha visto por última vez Precio válido a partir de Tipo de ítem Koha Restricciones de uso Número de copia
    Excluido de préstamo Patrimonio Dominicano General General Depósito 26.05.2011 LF1   304.632072 O77u 30711-10 25.06.2020 25.06.2020 Libro y Folleto Colección Patrimonio Dominicano    
      Dominicana de Servicio General General Depósito 09.05.2013 LF1   304.632072 O77u 30711-30 25.06.2020 25.06.2020 Libro y Folleto Colección Dominicana de Servicio   e. 3
      Dominicana de Servicio General General Depósito 09.05.2013 LF1   304.632072 O77u 30711-40 25.06.2020 25.06.2020 Libro y Folleto Colección Dominicana de Servicio   e. 4
      Dominicana de Servicio General General Depósito 11.09.2013 LF1   304.632072 O77u 30711-50 25.06.2020 25.06.2020 Libro y Folleto Colección Dominicana de Servicio   e. 5
    Excluido de préstamo Patrimonio Dominicano Patrimonio Dominicano Patrimonio Dominicano Depósito 26.05.2011 LF1   304.632072 O77u 30711-20 25.06.2020 25.06.2020 Libro y Folleto Colección Patrimonio Dominicano   e. 2

Powered by Koha